| 000 | 01290nam a22002417i 4500 | ||
|---|---|---|---|
| 003 | DO-SdBNP | ||
| 005 | 20240415120727.0 | ||
| 008 | 240415b2023 dr a|||| |||| 00| 0 spa d | ||
| 020 | _a9789945934489 | ||
| 040 |
_aDO-SdBNP _bsap _cBNPHU _erda |
||
| 082 | 4 | _222 | |
| 100 | 1 |
_aSolano Constanzo, Ramón Antonio, _d1966- _eautor _985242 |
|
| 245 | 1 | 0 |
_aEnseñanza de la historia y geografia con recursos digitales / _cRamón Antonio Solano Constanzo. |
| 264 |
_aSanto Domingo : _bEditora Poetas De La Era _c©2023 |
||
| 300 |
_a221 páginas : _bilustraciones ; _c23 cm. |
||
| 336 |
_2rdacontent _atexto _btxt |
||
| 337 |
_2rdamedia _asin mediación _bn |
||
| 338 |
_2rdacarrier _avolumen _bnc |
||
| 500 | _aIncluye datos biográficos del autor en las solapas | ||
| 504 | _aBibliografía : 219-221 | ||
| 505 |
_aComo enseñar ciencias sociales -- _tEstrategias de enseñanza-aprendizaje sugeridas en el currículo nivel secundario de la educación de la República Dominicana -- _tComponentes del diseño curricular de la educación dominicana -- _tLa evaluación de los aprendizajes -- _tAnálisis e interpretación de los resultados de la investigación a cerca de las variables asociadas al proceso de enseñanza y aprendizajes de las ciencias sociales -- _tConclusiones. |
||
| 942 |
_2ddc _cLBS1 |
||
| 999 |
_c56405 _d56405 |
||